000 00292nam a22001337a 4500
008 180926b xxu||||| |||| 00| 0 eng d
020 _a0815133073
041 _aeng
080 _a617
100 _a6
101 _aANE
245 _aAdvances in Anesthesia
_cGallagher, T.J
942 _2udc
_cBK
999 _c48512
_d48512